F1 Season: 2019 Race Winners - Statistics

General Stats
  • This quiz has been taken 1,094 times
    1,045 since last reset
  • The average score is 21 of 21
Answer Stats
Race Winner % Correct
Bahrain Lewis Hamilton
100%
China Lewis Hamilton
100%
Spain Lewis Hamilton
100%
Monaco Lewis Hamilton
100%
Canada Lewis Hamilton
100%
France Lewis Hamilton
100%
Britain Lewis Hamilton
100%
Hungary Lewis Hamilton
100%
Russia Lewis Hamilton
100%
Mexico Lewis Hamilton
100%
Abu Dhabi Lewis Hamilton
100%
Austria Max Verstappen
99%
Germany Max Verstappen
99%
Brazil Max Verstappen
99%
Australia Valtteri Bottas
98%
Azerbaijan Valtteri Bottas
98%
Japan Valtteri Bottas
98%
USA Valtterri Bottas
98%
Belgium Charles Leclerc
97%
Italy Charles Leclerc
97%
Singapore Sebastian Vettel
97%
No matching quizzes found
Score Distribution
Percent of People with Each Score
Percentile by Number Answered
Your Score History
You have not taken this quiz since the last reset